00387pab a2200121 454500008004000000100001700040245011800057260000900175300001300184650001800197650001300215773003700228180718b2005 xxu||||| |||| 00| 0 eng d aKaur, Kuljit aA study of social support as a coping resource of high and higher secondary teachers in relation to mental health c2005 ap.40-51. aMental health aTeachers aResearch Journal Social Sciences